000 00706nam a2200241Ia 4500
001 883
003 GE_BSU
008 181216s||||||||xx |||||||||||||| ||und||
020 _a5277022465
040 _cGE_BSU
080 _a338.47(075.8)
245 _aЕдиная транспортная система
245 _bУч-к для студ. вузов железнодорожного транспорта
245 _cПод ред. Галабурды В.Г.
250 _a2-е,доп.
260 _aМосква
260 _bТранспорт
260 _c2001
300 _a302стр.
541 _h15л.
653 _aЕдиная транспортная система
942 _cBK
999 _c35043
_d35043